Statystyki dla Kierowcy F1 którzy stanęli na podium w swoim debiutanckim sezonie

Kliknij tutaj aby rozwiązać quiz!

Ogólne statystyki

  • Ten quiz został rozwiązany 33 razy
    (30 od ostatniego zresetowania)
  • Średni wynik to 5 z 14

Statystyki odpowiedzi

Wyścig i sezon:Miejsce w wyścigu:Kierowca:% Poprawnych
GP Australii 20073Lewis Hamilton
93%
GP Japonii 20233Oscar Piastri
83%
GP Australii 20142Kevin Magnussen
69%
GP Włoch 20063Robert Kubica
69%
GP Azerbejdżanu 20173Lance Stroll
62%
GP Wielkiej Brytanii 19501Giuseppe Farina
34%
GP Niemiec 20082Nelson Piquet Jr
31%
GP Japonii 20072Heikki Kovalainen
21%
GP Australii 19962Jacques Villeneuve
21%
GP USA 20053Tiago Monteiro
21%
GP Hiszpanii 20012Juan Pablo Montoya
14%
GP Monako 19553Cesare Perdisa
3%
GP Francji 19611Giancarlo Baghetti
3%
GP Kanady19713Mark Donohue
3%

Rozkład punktacji

Percentyl według liczby udzielonych odpowiedzi

Procent ludzi z każdym wynikiem

Twoja historia wyników

Nie rozwiązałeś tego quizu od ostatniego zresetowania